| 000 | 00801nam a22002177a 4500 | ||
|---|---|---|---|
| 005 | 20240530110557.0 | ||
| 008 | 160830s2012 ua f b 000 0 ara d | ||
| 017 |
_a2011/11592 _bمصر . دار الكتب المصرية |
||
| 020 | _a978977093055 | ||
| 040 | _aEG-CaGPL | ||
| 082 | 0 | 4 |
_221 _a962.06 _bق/ش ن |
| 100 | 0 | _aشريف يونس | |
| 245 | 1 | 0 |
_aنداء الشعب : _bتاريخ نقدى للايدولوجيا الناصرية / _cشريف يونس |
| 250 | _aط. 1 | ||
| 260 |
_aالقاهرة : _bدار الشروق ، _c2012 . |
||
| 300 |
_a754 ص. ؛ _c24 سم . |
||
| 504 | _aيشتمل على ارجاعات ببليوجرافية | ||
| 651 | 0 | 4 |
_aمصر _xتاريخ _yثورة 23 يوليو 1952 |
| 651 | 0 | 4 |
_aمصر _xتاريخ _yجمال عبدالناصر |
| 942 |
_2ddc _cBK |
||
| 999 |
_c62580 _d62580 |
||